000 00589nam a2200169 i 4500
001 57306
003 ES-MaACL
005 20251015063101.0
007 t|
008 031015s1901 fr ||||1| fre d
100 0 _aDomet de Vorges, Edmund Charles Eugène,
_cComte
_945110
245 1 4 _aLes grandes philiosophes
_b: Saint Anselme par le Comte Domet de Vorges /
_cEdmund Charles Eugène Domet de Vorges, Comte.
260 _aParís :
_bFélix Alcan,
_c1901 (
_eMesnil :
_fFirmin Didot)
300 _aVI, 334 p. ;
_c22 cm.
852 _aES-MaACL
_jD-1641
999 _c57306
_d57306